The Thief who Sang Storms / (Record no. 190163)

MARC details
000 -LEADER
fixed length control field 01376nam a2200253 i 4500
005 - DATE AND TIME OF LATEST TRANSACTION
control field 20221206120029.0
008 - FIXED-LENGTH DATA ELEMENTS--GENERAL INFORMATION
fixed length control field 221123s2022 enka e 000 1 eng d
020 ## - INTERNATIONAL STANDARD BOOK NUMBER
International Standard Book Number 9781474979061
Terms of availability RM 44.90
Qualifying information paperback
040 ## - CATALOGING SOURCE
Original cataloging agency PPAK
Language of cataloging eng
Transcribing agency PPAK
Description conventions rda
082 04 - DEWEY DECIMAL CLASSIFICATION NUMBER
Edition number 23
Classification number 823.92
090 00 - LOCALLY ASSIGNED LC-TYPE CALL NUMBER (OCLC); LOCAL CALL NUMBER (RLIN)
Classification number (OCLC) (R) ; Classification number, CALL (RLIN) (NR) 823.92
Feature heading AND
Feature heading K
100 1# - MAIN ENTRY--PERSONAL NAME
Personal name Anderson, Sophie,
Relator term author.
245 14 - TITLE STATEMENT
Title The Thief who Sang Storms /
Statement of responsibility, etc. SOPHIE ANDERSON ; ILLUSTRATED BY JOANNA LISOWIEC
264 #1 - PRODUCTION, PUBLICATION, DISTRIBUTION, MANUFACTURE, AND COPYRIGHT NOTICE
Place of production, publication, distribution, manufacture London :
Name of producer, publisher, distributor, manufacturer Usborne Publishing Ltd.,
Date of production, publication, distribution, manufacture, or copyright notice 2022
300 ## - PHYSICAL DESCRIPTION
Extent 410 pages :
Other physical details illustrations ;
Dimensions 20 cm
336 ## - CONTENT TYPE
Content type term text
Source rdacontent
337 ## - MEDIA TYPE
Media type term unmediated
Source rdamedia
338 ## - CARRIER TYPE
Carrier type term volume
Source rdacarrier
520 ## - SUMMARY, ETC.
Summary, etc. "Linnet wishes she could sing magic. But magic is forbidden and she has been banished with her father to the Mournful Swamp. She misses her old life, and dreams of reuniting with her friends. When her father is captured for taking a precious jewel, Linnet must set out on a treacherous journey. Travelling through alligator pools and sinking sands with new friends, she learns how to be brave, and discovers something even more powerful than singing magic. Something that could save her father, and heal the broken heart of her island once more" ---provided by publisher
650 10 - SUBJECT ADDED ENTRY--TOPICAL TERM
Topical term or geographic name entry element Fathers and daughters
Form subdivision Fiction
Topical term or geographic name entry element Fantasy fiction.
700 1# - ADDED ENTRY--PERSONAL NAME
Personal name Lisowiec, Joanna,
Relator term illustrator.
942 ## - ADDED ENTRY ELEMENTS (KOHA)
Source of classification or shelving scheme Dewey Decimal Classification
Koha item type Book
Holdings
Withdrawn Not for loan Current library Shelving location Date acquired Total Checkouts Total Renewals Full call number Barcode Date last seen Date last checked out Koha item type
    Perpustakaan Alor Setar Pinjaman Kanak-kanak 06/12/2022 5 2 K 823.92 AND A01755890 29/09/2024 21/09/2024 Book
    Perpustakaan Awam Sungai Petani Pinjaman Kanak-kanak 06/12/2022 5   K 823.92 AND A01755891 15/10/2025 22/09/2025 Book
    Perpustakaan Baling Pinjaman Kanak-kanak 06/12/2022 2   K 823.92 AND A01755894 10/08/2024 27/07/2024 Book
    Perpustakaan Kulim Pinjaman Kanak-kanak 06/12/2022 2   K 823.92 AND A01755893 10/03/2024 07/02/2024 Book
    Perpustakaan Langkawi Pinjaman Kanak-kanak 06/12/2022 6 2 K 823.92 AND A01755892 28/01/2025 08/01/2025 Book
    Perpustakaan Merbok Pinjaman Kanak-kanak 06/12/2022     K 823.92 AND A01755896 06/12/2022   Book